[Event "Bayern-chI Bank Hofmann 26th"]
[Site "Tegernsee"]
[Date "2023.11.05"]
[Round "9"]
[White "Zude, Arno"]
[Black "Stricker, Florian"]
[Result "1-0"]
[WhiteElo "2333"]
[BlackElo "2238"]
[PlyCount "59"]
[EventDate "2023.10.28"]
[EventType "swiss"]
[EventRounds "9"]
[EventCountry "GER"]
[SourceTitle "Mega2024 Update 01"]
[Source "Chessbase"]
[SourceDate "2023.11.12"]
[SourceVersion "1"]
[SourceVersionDate "2023.11.12"]
[SourceQuality "1"]

1. e4 d6 2. d4 Nf6 3. Nc3 g6 4. Nf3 Bg7 5. Be2 0-0 6. 0-0 e5 7. dxe5 dxe5 8. Nxe5 Nxe4 9. Nxe4 Bxe5 10. Bg5 Qxd1 11. Raxd1 Nc6 12. c3 Be6 13. Nc5 Bxa2 14. Bf3 Bg7 15. Bf4 Ne5 16. Bxb7 Rab8 17. Rfe1 Rfe8 18. h3 f5 19. b4 Bf7 20. Re3 h6 21. Bd5 Bxd5 22. Rxd5 Nc4 23. Red3 Ne5 24. Bxe5 Bxe5 25. Nd7 Bd6 26. Nf6+ Kf7 27. Nxe8 Rxe8 28. g3 f4 29. gxf4 Bxf4 30. Ra5 1-0

[Event "Bayern-chI Bank Hofmann 26th"]
[Site "Tegernsee"]
[Date "2023.11.04"]
[Round "8"]
[White "Stricker, Florian"]
[Black "Colpe, Malte"]
[Result "1/2-1/2"]
[WhiteElo "2238"]
[BlackElo "2386"]
[PlyCount "82"]
[EventDate "2023.10.28"]
[EventType "swiss"]
[EventRounds "9"]
[EventCountry "GER"]
[SourceTitle "Mega2024 Update 01"]
[Source "Chessbase"]
[SourceDate "2023.11.12"]
[SourceVersion "1"]
[SourceVersionDate "2023.11.12"]
[SourceQuality "1"]

1. e4 c5 2. Nc3 e6 3. Nge2 Nf6 4. g3 b5 5. Nxb5 Nxe4 6. Bg2 Bb7 7. 0-0 Qb6 8. c4 a6 9. Na3 Nf6 10. Qb3 Qxb3 11. axb3 Bxg2 12. Kxg2 Ra7 13. Nc2 Rb7 14. Ra3 d5 15. d3 Bd6 16. Bg5 d4 17. Nc1 Nfd7 18. Bd2 Ne5 19. b4 cxb4 20. Ra4 Nec6 21. Nb3 e5 22. c5 Be7 23. Nxb4 Nxb4 24. Rxb4 Rxb4 25. Bxb4 Nc6 26. Ba3 Kd7 27. Nd2 Ke6 28. f4 f6 29. Nc4 Rb8 30. f5+ Kf7 31. Kf3 Rb5 32. Rc1 Ke8 33. Ke4 Kd7 34. Nb6+ Kc7 35. g4 a5 36. Rc4 Bf8 37. h3 h6 38. h4 Kb7 39. Nd5 Rb3 40. Nb6 Be7 41. Rc2 Bd8 1/2-1/2

[Event "GER-ch 93rd"]
[Site "Magdeburg"]
[Date "2022.08.18"]
[Round "7"]
[White "Stricker, Florian"]
[Black "Colbow, Collin"]
[Result "0-1"]
[WhiteElo "2182"]
[BlackElo "2323"]
[PlyCount "58"]
[EventDate "2022.08.14"]
[EventType "swiss"]
[EventRounds "9"]
[EventCountry "GER"]
[SourceTitle "CBM 209 Extra"]
[Source "ChessBase"]
[SourceDate "2022.09.30"]
[SourceVersion "1"]
[SourceVersionDate "2022.09.30"]
[SourceQuality "1"]

1. e4 c5 2. Nc3 e6 3. Nge2 Nc6 4. g3 Nf6 5. Bg2 d5 6. exd5 exd5 7. d4 cxd4 8. Nxd4 Bg4 9. Qd3 Bc5 10. Nxc6 bxc6 11. 0-0 0-0 12. Na4 Bd6 13. Be3 Re8 14. Rfe1 Nd7 15. Bd4 Qa5 16. Rxe8+ Rxe8 17. h3 Be2 18. Qf5 Qd8 19. c3 Re4 20. Bxg7 Rxa4 21. Bd4 c5 22. Bxd5 cxd4 23. Qxf7+ Kh8 24. Bb3 Ne5 25. Qd5 Nf3+ 26. Kg2 Ra5 27. Qe6 Re5 28. Qf7 d3 29. Bd1 Qf8 0-1

[Event "Gelsenkirchen Koenigsspringer op"]
[Site "Gelsenkirchen"]
[Date "2019.12.29"]
[Round "6"]
[White "Stricker, Florian"]
[Black "Meyer, Juergen3333"]
[Result "1-0"]
[WhiteElo "2079"]
[BlackElo "1990"]
[PlyCount "65"]
[EventDate "2019.12.27"]
[EventType "swiss"]
[EventRounds "7"]
[EventCountry "GER"]
[SourceTitle "CBM 194 Extra"]
[Source "ChessBase"]
[SourceDate "2020.03.31"]
[SourceVersion "1"]
[SourceVersionDate "2020.03.31"]
[SourceQuality "1"]

1. d4 Nf6 2. Nf3 e6 3. g3 c5 4. Bg2 Nc6 5. 0-0 cxd4 6. Nxd4 d5 7. b3 Be7 8. Bb2 0-0 9. Nd2 a6 10. e3 Qa5 11. a3 Nxd4 12. Bxd4 b5 13. c4 Qc7 14. cxb5 axb5 15. b4 e5 16. Rc1 Qb8 17. Bb2 Bg4 18. Qb3 Be6 19. Qd3 Rd8 20. Nb3 Ne4 21. Na5 Rxa5 22. bxa5 Nc5 23. Rxc5 Bxc5 24. Rc1 Ba7 25. Bf1 d4 26. exd4 Bc4 27. Qd2 Bxf1 28. Kxf1 exd4 29. Qf4 Qb7 30. Kg1 Qe7 31. Rc7 Qe1+ 32. Kg2 Qxa5 33. Qxf7+ 1-0

[Event "Gelsenkirchen Koenigsspringer op"]
[Site "Gelsenkirchen"]
[Date "2019.12.27"]
[Round "2"]
[White "Stricker, Florian"]
[Black "Olbrich, Peter"]
[Result "1-0"]
[WhiteElo "2079"]
[BlackElo "1795"]
[PlyCount "71"]
[EventDate "2019.12.27"]
[EventType "swiss"]
[EventRounds "7"]
[EventCountry "GER"]
[SourceTitle "CBM 194 Extra"]
[Source "ChessBase"]
[SourceDate "2020.03.31"]
[SourceVersion "1"]
[SourceVersionDate "2020.03.31"]
[SourceQuality "1"]

1. c4 Nf6 2. Nc3 g6 3. g3 Bg7 4. Bg2 d6 5. Rb1 0-0 6. d3 a5 7. e4 e5 8. Nge2 Nc6 9. a3 Bg4 10. h3 Be6 11. Nd5 Nd7 12. b4 axb4 13. axb4 Nd4 14. Nxd4 exd4 15. Nf4 Ne5 16. Nxe6 fxe6 17. f4 Qf6 18. 0-0 Nd7 19. Rb2 c5 20. h4 cxb4 21. Rxb4 Nc5 22. h5 Ra1 23. Rb5 gxh5 24. Qe2 Qg6 25. Kh2 Rfa8 26. f5 exf5 27. exf5 Qf6 28. Qxh5 R1a2 29. Bg5 Qe5 30. Bf4 Qe8 31. Qxe8+ Rxe8 32. Bxd6 Nxd3 33. f6 Bxf6 34. Rxf6 Ne1 35. Rg5+ Kh8 36. Rf8+ 1-0

[Event "Herne UFO op 9th"]
[Site "Herne"]
[Date "2018.06.02"]
[Round "5"]
[White "Stricker, Florian"]
[Black "Seppelfricke, Guido"]
[Result "1-0"]
[WhiteElo "2068"]
[BlackElo "1898"]
[PlyCount "79"]
[EventDate "2018.05.30"]
[EventType "swiss"]
[EventRounds "7"]
[EventCountry "GER"]
[SourceTitle "CBM 184 Extra"]
[Source "ChessBase"]
[SourceDate "2018.06.28"]
[SourceVersion "1"]
[SourceVersionDate "2018.06.28"]
[SourceQuality "1"]

1. d4 d5 2. c4 e6 3. Nf3 Nf6 4. g3 c6 5. Bg2 Be7 6. 0-0 0-0 7. Qc2 Nbd7 8. Nbd2 Qc7 9. e4 dxe4 10. Nxe4 Nxe4 11. Qxe4 Nf6 12. Qe2 c5 13. Bf4 Qb6 14. dxc5 Bxc5 15. Ne5 Bd4 16. Rab1 Nd7 17. Nxd7 Bxd7 18. b4 Bc6 19. c5 Qd8 20. Bxc6 bxc6 21. Bd6 Qf6 22. Bxf8 Rxf8 23. Qe4 e5 24. a4 Qe6 25. Qc2 Qh3 26. Rbd1 Re8 27. b5 h5 28. Qe4 Bxc5 29. Qxc6 Rc8 30. Qd7 Qxd7 31. Rxd7 Bb6 32. a5 Bxa5 33. Rxa7 Bb6 34. Rb7 Bd4 35. b6 Ra8 36. Rb1 Ra2 37. Rb8+ Kh7 38. b7 Bxf2+ 39. Kh1 Ba7 40. Ra8 1-0

[Event "GER-chT U20"]
[Site "Duesseldorf"]
[Date "2017.12.28"]
[Round "4.2"]
[White "Stricker, Florian"]
[Black "Ehmann, Thilo"]
[Result "0-1"]
[WhiteElo "2080"]
[BlackElo "2291"]
[PlyCount "86"]
[EventDate "2017.12.27"]
[EventType "team-swiss"]
[EventRounds "7"]
[EventCountry "GER"]
[SourceTitle "CBM 182 Extra"]
[Source "ChessBase"]
[SourceDate "2018.02.23"]
[SourceVersion "1"]
[SourceVersionDate "2018.02.23"]
[SourceQuality "1"]
[WhiteTeam "Bochum SG U20"]
[BlackTeam "Sasbach U20"]
[WhiteTeamCountry "GER"]
[BlackTeamCountry "GER"]

1. d4 Nf6 2. Nf3 d5 3. c4 e6 4. g3 Be7 5. Bg2 0-0 6. 0-0 b6 7. Qc2 Bb7 8. Ne5 Qc8 9. cxd5 exd5 10. Bg5 h6 11. Bxf6 Bxf6 12. Nc3 c6 13. Rac1 Qe6 14. f4 c5 15. e3 Na6 16. Qe2 Rfd8 17. Qh5 Qe7 18. a3 Nc7 19. Rcd1 Rd6 20. g4 Rad8 21. Rf3 Bc8 22. Rdf1 g6 23. Qxh6 Bg7 24. Qh3 Ba6 25. R1f2 Ne6 26. Rd2 cxd4 27. exd4 g5 28. fxg5 Nxg5 29. Qg3 Nxf3+ 30. Bxf3 Qg5 31. Rd1 Bh6 32. h4 Qe3+ 33. Qf2 Qxf2+ 34. Kxf2 f6 35. g5 fxe5 36. dxe5 R6d7 37. gxh6 d4 38. Ne4 Re7 39. Nf6+ Kh8 40. Rg1 Rxe5 41. Ne4 Rf8 42. Ng5 Bb7 43. Kg3 Re3 0-1

[Event "GER-chT U20"]
[Site "Borken"]
[Date "2016.12.27"]
[Round "2.1"]
[White "Stricker, Florian"]
[Black "Holtel, Jasper"]
[Result "0-1"]
[WhiteElo "1994"]
[BlackElo "2176"]
[PlyCount "94"]
[EventDate "2016.12.27"]
[EventType "team-swiss"]
[EventRounds "7"]
[EventCountry "GER"]
[SourceTitle "EXT 2018"]
[Source "ChessBase"]
[SourceDate "2017.10.13"]
[SourceVersion "1"]
[SourceVersionDate "2017.10.13"]
[SourceQuality "1"]
[WhiteTeam "Bochum"]
[BlackTeam "Muenster"]
[WhiteTeamCountry "GER"]
[BlackTeamCountry "GER"]

1. d4 Nf6 2. c4 g6 3. Nf3 Bg7 4. g3 c6 5. Bg2 d5 6. cxd5 cxd5 7. 0-0 0-0 8. Ne5 Ne4 9. Nd2 Bf5 10. Ndf3 Nc6 11. Nxc6 bxc6 12. Nh4 Be6 13. Be3 Nd6 14. b3 Qa5 15. Rc1 Rab8 16. Qd2 Qxd2 17. Bxd2 Bxd4 18. Nf3 Bf6 19. Rxc6 Ne4 20. Rfc1 Rfc8 21. Rxc8+ Rxc8 22. Rxc8+ Bxc8 23. Kf1 Nxd2+ 24. Nxd2 e6 25. Ke1 Kf8 26. e4 dxe4 27. Nxe4 Be7 28. Bf1 Bb4+ 29. Kd1 Ke7 30. Bd3 Bb7 31. Ke2 f5 32. Nd2 Kf6 33. Nc4 e5 34. a3 Be7 35. Na5 Bd5 36. b4 Bd8 37. Bc4 Ke6 38. Bxd5+ Kxd5 39. Nb3 Bb6 40. f3 Kc4 41. Nd2+ Kc3 42. Nb1+ Kb2 43. Nd2 Kxa3 44. Nc4+ Kxb4 45. Nxe5 Kc3 46. Nd7 Bg1 47. h4 a5 0-1

[Event "Herne op 5th"]
[Site "Herne"]
[Date "2016.05.26"]
[Round "2"]
[White "Biermann, Lenhard"]
[Black "Stricker, Florian"]
[Result "0-1"]
[WhiteElo "1711"]
[BlackElo "2119"]
[PlyCount "64"]
[EventDate "2016.05.25"]
[EventType "swiss"]
[EventRounds "7"]
[EventCountry "GER"]
[SourceTitle "CBM 172 Extra"]
[Source "ChessBase"]
[SourceDate "2016.06.21"]
[SourceVersion "1"]
[SourceVersionDate "2016.06.21"]
[SourceQuality "1"]

1. d4 Nf6 2. c4 c6 3. Nf3 d5 4. g3 g6 5. Bg2 Bg7 6. 0-0 0-0 7. Nc3 Nbd7 8. cxd5 Nxd5 9. e4 Nxc3 10. bxc3 e5 11. Rb1 Re8 12. Re1 Qa5 13. Qc2 Nb6 14. Nxe5 c5 15. Nf3 Bg4 16. Bd2 Nc4 17. Rxb7 Bxf3 18. Bxf3 Nxd2 19. Qxd2 cxd4 20. Reb1 dxc3 21. Qf4 Qxa2 22. Bd1 Rf8 23. Rc1 Qa6 24. Qc7 Qa3 25. Qf4 Be5 26. Qe3 a5 27. Bb3 Rab8 28. Rxb8 Rxb8 29. Bd5 Qb2 30. Rd1 c2 31. Bxf7+ Kxf7 32. Qa7+ Kg8 0-1